000 00883nam a22002897a 4500
001 4645
003 FISKH
005 20240918151624.0
008 240918b cb ||||| |||| 00| 0 eng d
020 _a9780545035484
040 _aFISKH
_beng
_cFISKH
_dFISKH
050 _aPZ10.A965
082 _2813.6
100 _aAvi
_d1937-
245 _aThe good dog /
_cAvi
250 _aThis edition first printing in 2007
260 _aNew York :
_bScholastic,
_c2007.
300 _a243 pages :
_c20cm
505 _aM
520 _aMcKinley, a malamute, is torn between the domestic world of his human family and the wild world of Lupin, a wolf that is trying to recruit dogs to replenish the dwindling wolf pack.
521 8 _a560L
_bLexile
521 8 _aM
_bRaz-Plus
650 _2Fiction
_aAnimals
650 _2Colorado
_aWolves
942 _2ddc
_cBK
_n0
999 _c4645
_d4645